« Retourner aux résultats de recherche
question qui tue (La)
| Auteur principal: | Jean Leroy Auteur du texte |
|---|---|
| D'autres auteurs: | Olivier Dutto Illustrateur |
| Support: | Livres |
| Langue: | Francais |
| Publié: |
DL 2024 Les 400 coups Montréal (Québec) |
| Genre: |
Album |
| Collection: |
Carré blanc |
| Sujets: | |
| Étiquettes: |
Ajouter
Pas de Tags !
|
| LEADER | 00730nam0a2200217 450 | ||
|---|---|---|---|
| 001 | 16844786 | ||
| 010 | |a 978-2-89815-080-7 |b rel. |d 12 | ||
| 100 | |a 20240226d2026 u u0frey01 ba | ||
| 101 | 0 | |a fre | |
| 102 | |a CA | ||
| 200 | 0 | |a question qui tue (La) |f Jean Leroy, Olivier Dutto | |
| 207 | 1 | |a | |
| 210 | |a Montréal (Québec) |c Les 400 coups |d DL 2024 | ||
| 215 | |a 1 vol. (non paginé [32] p.) |c ill. en coul. |d 24 cm | ||
| 225 | 1 | |a Carré blanc | |
| 300 | |a Diffusé en France | ||
| 700 | 0 | |a Leroy |b Jean |c Auteur du texte |f 1975-.... |4 70 | |
| 701 | 0 | |a Dutto |b Olivier |c Illustrateur |4 70 | |
| 900 | |a Album | ||
| 901 | |a Accessible au prêt | ||
| 995 | |a Bibliothèque |c Bibliothèque |f 024024563 |h 024024563 |k A LER |o p |q a |r az |e Bibliothèque | ||
